01451 2200205 4500001002100000005001500021035002000036008004100056245004500097100002600142260004100168300002200209020001800231084001600249520092900265082001001194650002401204863000601228990001101234INLIS00000000000949920220716124703 a0010-0721004758220716 g 0 ind 1 aMasa Pemuda Putra Sang Fajar : 1919-19221 aSaleh, Sari Pusparini aBandung :bRemaja Rosda Karya,c2004 a66 hlm. ;c28 cm. a979-692-122-7 aA.923 SAL m aMASA PEMUDA PUTRA SANG FAJAR Siapa yang tak kenal Bung Karno? Semua orang tahu, Bung Karno adalah salah seorang proklamator kita yang menjadi Presiden Pertama RI. Bung Karno telah berjasa mengantarkan bangsa Indonesia ke gerbang kemerdekaan, tanggal 17 Agustus 1945. Bung Karnolah penyambung lidah rakyat Indonesia. Namun, bagaimana perjuangan hidup Bung Karno dari masa kecilnya sampai menutup mata, mungkin tidak banyak orang yang tahu.Biografi Bung Karno yang dibuat dalam rangka 100 Tahun Bung Karno ini, ditujukan untuk bacaan anak dan remaja. Banyak hal yang dapat diteladani dari perjalanan Putra Sang Fajar ini. Tentang masa kecilnya yang pahit, tentang semangat kebangsaannya, tentang perjuangannya, tentang kisah cintanya, dan masih banyak lagi.Seri-seri Biografi Bung Karno yang akan terbit:Masa Kecil, Masa Remaja, Masa Pemuda, Masa Dewasa, Masa Prakemerdekaan, Masa Kemerdekaan, Masa Pemerintahan, dan Masa Tua. aA.923 4aBoografi Bung Karno a2 a049974